000 00435nam a2200145Ia 4500
003 OSt
005 20260226092953.0
008 211028s2019 xx 000 0 und d
040 _cAIMIT LIBRARY
041 _aeng
100 _aDsouza, Joyline Maria; Kudtarkar, Ravi.
_g1716082
_98060
245 _aCustomer buying behavior and satisfaction level towards Spar Mangalore /
260 _aMangalore
_bBabu Thomas
_c2019
942 _2ddc
_cPRO
999 _c219628
_d219628